000 02240nam a2200433 c 4500
003 BLK
005 20240430005250.0
008 180408b bul|||||r ||||||| ||bul||
010 _aKNG00078651000
020 _a954-579-525-3
_bиздат.: Славена
040 _aBLK
041 _aBUL
_cBUL
080 _aБългарска литература
_b821.163.2
_x(092)
_z821.163.2(092)
080 _aБългарска литература
_b821.163.2
_x.09
_z821.163.2.09
080 _aБългарски поет
_b929 Славейков, Пенчо Петков
_x
_z929 Славейков, Пенчо Петков
100 1 _aИгов, Светлозар Атанасов
_d1945-2023
_gФилолог, славянска филология (1966). Литературен критик, историк. Поет, белетрист. Преводач от сърбохърватски език
_972055
139 _aИгов, Светлозар Атанасов
_bС 42
245 1 0 _aКнига за Пенчо Славейков
_cСветлозар Атанасов Игов.
257 _aBGR
260 Варна
_bСлавена
_c2006
300 _a292 с.
_c20 см
380 _a82
500 _aОфс. изд. - Съдържа и Пенчо Славейков : Животопис ; Българската критика за Пенчо Славейков. - Библиогр. с. 254-262.
504 _a254-262
600 0 _aСлавейков, Пенчо Петков
_d1866-1912
_gПоет. Фолклорист. Преводач от немски и руски език.
_9364367
650 4 _aПоети, български - творчество
_9250545
650 4 _aСлавейков, Пенчо Петков
_9364367
650 4 _aБългарска литература - теми, образи, сюжети
_9242409
653 _aбългарски поети
653 _aПенчо Славейков
653 _aлитературна критика
653 _aбиографии
852 _aЦб 236418
856 4 _qpdf
_u
856 4 _qpdf
_u
942 _cKNG
_n0
_01
944 _aCR
_c25.10.2007
_k
_lCRON CRON
944 _aED
_c29.03.2008
_k
999 _c74252
_d74252